| 000 | 01361cam a2200361 a 4500 | ||
|---|---|---|---|
| 001 | 16054469 | ||
| 003 | OSt | ||
| 005 | 20140310181658.0 | ||
| 008 | 100114s2011 nyuab d 000 0 eng | ||
| 010 | _a 2010001521 | ||
| 020 | _a0439620392 | ||
| 035 | _a(OCoLC)ocn475434216 | ||
| 040 |
_aDLC _cDLC _dIG# _dBTCTA _dOEM _dM4L _dDLC |
||
| 042 | _alcac | ||
| 050 | 0 | 0 |
_aPE 1628.5 _b.Sc368 2012 |
| 082 | 0 | 0 |
_aREF 423 _bSc6p 2012 |
| 245 | 0 | 0 | _aScholastic Pocket Dictionary./ |
| 246 | 3 | 0 | _aPocket Dictionary |
| 246 | 1 | 4 | _aScholastic new Pocket Dictionary |
| 260 |
_aNew York : _bScholastic, _cc2005. |
||
| 300 |
_aviii : 615 p. : _bcol. ill. _c27 cm. |
||
| 520 | _aDictionary of English language, A-Z; Grammar guide; Punctuation guide; Idioms guide; Intials, Acronyms, and abbreviations guide | ||
| 521 | _aBasic ed. students | ||
| 541 | _j1 | ||
| 562 | _eFor Circulation. 1 Copy Available in the Colletion | ||
| 650 | 0 |
_aEnglish language _vDictionaries, Juvenile. |
|
| 650 | 1 |
_aEnglish language _vDictionaries. |
|
| 710 | 2 | _aScholastic Reference (Firm) | |
| 856 | 4 | 2 |
_3Publisher description _uhttp://www.loc.gov/catdir/enhancements/fy1116/2010001521-d.html |
| 906 |
_a7 _bcbc _corignew _d1 _eecip _f20 _gy-gencatlg |
||
| 942 |
_2lcc _cBK-GR _kREF |
||
| 999 |
_c1148 _d1148 |
||